It looks like you're offline.
Open Library logo
additional options menu

MARC Record from Scriblio

Record ID marc_records_scriblio_net/part07.dat:180689165:720
Source Scriblio
Download Link /show-records/marc_records_scriblio_net/part07.dat:180689165:720?format=raw

LEADER: 00720cam 2200253 4500
001 73449736
003 DLC
005 19990716000000.0
008 700330s1968 enka j 000 1 eng
010 $a 73449736
015 $aB69-15943
020 $a0234771690
040 $aDLC$cDLC$dDLC
041 1 $aengger
042 $alcac
050 00 $aPZ7.D185$bMag3
082 00 $a[Fic]
100 1 $aDamjan, Mischa,$cpseud.
245 14 $aThe magic paintbrush;$cillustrated by Janosch.
260 $aLondon,$bDobson,$c1968.
300 $a[31] p.$billus. (some col.).$c29 cm.
350 $a18/-
520 $aAided by a magic paintbrush, Philip plays several tricks on Rosalia for being unkind to her pony.
700 0 $aJanosch,$eill.